Riadenie zásob vo vybranom podniku bakalárska práca

Salvato in:
Dettagli Bibliografici
Autore principale: Jurovčáková, Tatiana, 2001-
Ente Autore: Podnikovohospodárska fakulta EU so sídlom v Košiciach. Katedra obchodného podnikania
Altri autori: Kopčáková, Janka, 1994-
Natura: Libro
Lingua:slovacco
Pubblicazione: Košice 2023
Tags: Aggiungi Tag
Nessun Tag, puoi essere il primo ad aggiungerne!!

MARC

LEADER 00000nbm a2200000 4500
001 0294371
005 20240619095138.3
041 0 |a slo 
044 |a SK 
245 1 0 |a Riadenie zásob vo vybranom podniku  |b bakalárska práca  |c Tatiana Jurovčáková ; školiteľ: Janka Kopčáková 
264 1 |a Košice  |c 2023 
300 |a 57 s. 
100 1 |a Jurovčáková, Tatiana, 2001- 
700 1 |a Kopčáková, Janka, 1994- 
710 2 |a Podnikovohospodárska fakulta EU so sídlom v Košiciach. Katedra obchodného podnikania